[Event "DEM U14w 2014"]
[Site "Magdeburg GER"]
[Date "2014.06.10"]
[Round "4"]
[White "Rogozenco, Teodora"]
[Black "Wächter, Nathalie"]
[Result "1-0"]
[Termination "normal"]
[Board "3"]
[WhiteElo "1865"]
[BlackElo "1762"]
[WhiteClock "00:01:16"]
[BlackClock "00:01:35"]
[PlyCount "131"]
[WhiteFideId "12938084"]
[BlackFideId "12921033"]
[EventCountry "GER"]
[EventRounds "9"]
[EventType "swiss"]
[EventDate "2014.06.07"]

1. d4 d5 2. c4 c6 3. Nc3 Nf6 4. Nf3 dxc4 5. a4 Bf5 6. e3 e6 7. Bxc4 Bb4 8. O-O
O-O 9. Qe2 Bg4 10. Rd1 Qa5 11. Bd2 Qh5 12. d5 Bxf3 13. Qxf3 Qxf3 14. gxf3 Bxc3
15. dxc6 Nxc6 16. Bxc3 Rfd8 17. Kf1 Ne7 18. Ke2 Ned5 19. Bd4 Rac8 20. b3 Kf8
21. Rd2 a6 22. Rad1 Ke8 23. Rg1 Kf8 24. Be5 Ne8 25. Rgd1 Ke7 26. Bb2 Nef6 27.
Bxd5 exd5 28. Bxf6+ Kxf6 29. Rxd5 Rxd5 30. Rxd5 Ke6 31. Rd4 Rc5 32. Kd3 Rh5 33.
h4 Rf5 34. Ke4 Rh5 35. Kd3 Rf5 36. f4 Rh5 37. Ke2 Rc5 38. Kf3 b5 39. Ke4 Rh5
40. Rb4 Rd5 41. Rd4 Rh5 42. Kf3 Rc5 43. b4 Rd5 44. Re4+ Kd6 45. a5 Kd7 46. Re5
Rd2 47. Rh5 h6 48. Rf5 f6 49. h5 Rd1 50. Ke4 Rb1 51. Rd5+ Ke6 52. Rd4 f5+ 53.
Kf3 Rc1 54. Rd8 Rc4 55. Ra8 Rc6 56. Re8+ Kf6 57. Ke2 Rc2+ 58. Kd3 Rc4 59. Ra8
Rc6 60. Kd4 g6 61. Kd5 Re6 62. hxg6 Re7 63. Rxa6+ Kg7 64. Rc6 h5 65. Kd6 Ra7
66. Rc7+ 1-0

[Event "DEM U14w 2014"]
[Site "Magdeburg GER"]
[Date "2014.06.10"]
[Round "4"]
[White "Halas, Julia"]
[Black "Denkert, Anna"]
[Result "1-0"]
[Termination "normal"]
[Board "4"]
[WhiteElo "1589"]
[BlackElo "1655"]
[WhiteClock "00:18:51"]
[BlackClock "00:04:23"]
[PlyCount "120"]
[WhiteFideId "12931810"]
[BlackFideId "12938122"]
[EventCountry "GER"]
[EventRounds "9"]
[EventType "swiss"]
[EventDate "2014.06.07"]

1. d4 d5 2. c4 c6 3. Nc3 Nf6 4. Nf3 dxc4 5. a4 Bf5 6. e3 e6 7. Bxc4 Nbd7 8. O-O
Be7 9. Re1 Nb6 10. Bb3 Bg4 11. Bc2 O-O 12. b3 Bb4 13. Bd2 Rc8 14. Ne4 Bxd2 15.
Nexd2 Nbd5 16. Qc1 Nb4 17. Bb1 Bxf3 18. Nxf3 Nd7 19. Qd2 a5 20. Qe2 Nb6 21. Ne5
Qd5 22. Qh5 h6 23. Qd1 Rcd8 24. Nd3 Rfe8 25. Nxb4 axb4 26. Qd3 g6 27. Bc2 e5
28. a5 Na8 29. a6 b5 30. Qe4 exd4 31. Qxd5 Rxd5 32. exd4 Rxe1+ 33. Rxe1 Nc7 34.
a7 Kf8 35. Ra1 Na8 36. Be4 Rd6 37. Rc1 Rxd4 38. f3 f5 39. Bxc6 Rd8 40. Bxb5 Ke7
41. Ba6 Rd7 42. Rc6 Kf7 43. Bc4+ Kg7 44. Ra6 h5 45. Bb5 Rc7 46. Be8 Rc1+ 47.
Kf2 Rc2+ 48. Kg3 h4+ 49. Kf4 Rxg2 50. Bc6 Nc7 51. a8=Q Nxa8 52. Bxa8 Rxh2 53.
Kg5 Kf7 54. Bd5+ Ke7 55. Rxg6 Rg2+ 56. Kxf5 Rxg6 57. Kxg6 Kd6 58. Ba8 Ke5 59.
Kg5 h3 60. f4+ Kd5 1-0

[Event "DEM U14w 2014"]
[Site "Magdeburg GER"]
[Date "2014.06.10"]
[Round "4"]
[White "Walker, Julia"]
[Black "Poetsch, Leonore"]
[Result "0-1"]
[Termination "normal"]
[Board "5"]
[WhiteElo "1673"]
[BlackElo "1529"]
[WhiteClock "00:11:46"]
[BlackClock "00:30:42"]
[PlyCount "90"]
[WhiteFideId "1271852"]
[BlackFideId "12940372"]
[EventCountry "GER"]
[EventRounds "9"]
[EventType "swiss"]
[EventDate "2014.06.07"]

1. e4 c5 2. c3 d5 3. exd5 Qxd5 4. d4 Nf6 5. Nf3 Bg4 6. Nbd2 cxd4 7. cxd4 e6 8.
Bc4 Qd6 9. Bb5+ Nbd7 10. Qa4 Be7 11. Nc4 Qc7 12. Nfe5 a6 13. Bxd7+ Nxd7 14.
Nxg4 b5 15. Qc2 Qxc4 16. Qxc4 bxc4 17. Bf4 Bb4+ 18. Ke2 Ke7 19. Rac1 Rac8 20.
Bd2 Bd6 21. Ne3 Nb6 22. Ba5 Nd5 23. Rxc4 Nf4+ 24. Kf3 f5 25. Rd1 g5 26. g4
fxg4+ 27. Kxg4 h5+ 28. Kf3 g4+ 29. Ke4 Nh3 30. Rd2 Ng5+ 31. Kd3 Nf3 32. Rxc8
Rxc8 33. Re2 Kf7 34. d5 exd5 35. Nf5 Bxh2 36. Nd4 Ne5+ 37. Kd2 Bf4+ 38. Re3
Bxe3+ 39. fxe3 Nc4+ 40. Kd3 Nxa5 41. Nf5 Kf6 42. Nd6 Rd8 43. b4 Rxd6 44. bxa5
h4 45. Kd4 Ke5+ 0-1

[Event "DEM U14w 2014"]
[Site "Magdeburg GER"]
[Date "2014.06.10"]
[Round "4"]
[White "Sanati, Charlotte"]
[Black "Cejda, Cecilia"]
[Result "1-0"]
[Termination "normal"]
[Board "6"]
[WhiteElo "1760"]
[BlackElo "1552"]
[PlyCount "67"]
[WhiteFideId "12907707"]
[BlackFideId "12921122"]
[EventCountry "GER"]
[EventRounds "9"]
[EventType "swiss"]
[EventDate "2014.06.07"]

1. e4 c5 2. Nf3 d6 3. d4 cxd4 4. Nxd4 Nf6 5. Nc3 e6 6. Bc4 a6 7. Bb3 b5 8. f3
Bb7 9. O-O Nbd7 10. Kh1 Nc5 11. Be3 Be7 12. a3 Nxb3 13. Nxb3 O-O 14. Qe1 Nh5
15. Rd1 Qc7 16. Qf2 f5 17. Bb6 Qc8 18. exf5 Rxf5 19. Na5 Nf6 20. Qe2 Re5 21.
Qd2 Nd5 22. Nxb7 Qxb7 23. Bd4 Nxc3 24. Bxc3 Rd5 25. Qe3 e5 26. Rfe1 Rxd1 27.
Rxd1 Rd8 28. Ba5 Rd7 29. f4 Qa7 30. Qb3+ Kf8 31. fxe5 dxe5 32. Rf1+ Bf6 33.
Bb4+ Ke8 34. Qg8# 1-0

[Event "DEM U14w 2014"]
[Site "Magdeburg GER"]
[Date "2014.06.10"]
[Round "4"]
[White "Sewald, Kathrin"]
[Black "Ley, Sabrina"]
[Result "0-1"]
[Termination "normal"]
[Board "7"]
[WhiteElo "1540"]
[BlackElo "1482"]
[PlyCount "94"]
[WhiteFideId "12964557"]
[BlackFideId "12938130"]
[EventCountry "GER"]
[EventRounds "9"]
[EventType "swiss"]
[EventDate "2014.06.07"]

1. e4 c5 2. c3 Nf6 3. e5 Nd5 4. d4 e6 5. Bc4 d6 6. Bxd5 exd5 7. Ne2 dxe5 8.
dxe5 b6 9. f4 Be7 10. O-O Nc6 11. Qd3 O-O 12. Rd1 d4 13. Qf3 Bd7 14. cxd4 Nxd4
15. Nxd4 cxd4 16. f5 Re8 17. Kh1 Bf8 18. Qe4 Qc7 19. e6 fxe6 20. Qxd4 exf5 21.
Bf4 Qc6 22. Nd2 Bc5 23. Qc4+ Qe6 24. Qd3 Bc6 25. Bg3 Qe2 26. Qb3+ Kh8 27. Nf3
Re3 28. Re1 Rxb3 29. Rxe2 Rxf3 30. Re6 Be4 31. Rxe4 fxe4 32. gxf3 exf3 33. Rf1
Rf8 34. h4 g6 35. Be5+ Kg8 36. Kh2 Rf5 37. Bc3 f2 38. Bd2 b5 39. Kg3 Kf7 40.
Bf4 Ke6 41. Kg4 h5+ 42. Kg3 Kd5 43. Bc7 Ke4 44. Kg2 Kd3 45. Bg3 Ke2 46. Bc7 Rf3
47. Bg3 Rxg3+ 0-1

[Event "DEM U14w 2014"]
[Site "Magdeburg GER"]
[Date "2014.06.10"]
[Round "4"]
[White "Riegel, Arinna"]
[Black "Ratay, Meike"]
[Result "1/2-1/2"]
[Termination "normal"]
[Board "9"]
[WhiteElo "1613"]
[BlackElo "1513"]
[PlyCount "70"]
[WhiteFideId "12931446"]
[BlackFideId "12977608"]
[EventCountry "GER"]
[EventRounds "9"]
[EventType "swiss"]
[EventDate "2014.06.07"]

1. e4 e5 2. Nf3 Nc6 3. Bb5 Bc5 4. Nc3 a6 5. Bxc6 dxc6 6. O-O Bg4 7. h3 Bxf3 8.
Qxf3 Qd7 9. Qh5 Bd6 10. d3 O-O-O 11. Qf5 Qxf5 12. exf5 Ne7 13. g4 Nd5 14. Nxd5
cxd5 15. f4 exf4 16. Bxf4 Bxf4 17. Rxf4 Rhe8 18. Kf2 c6 19. Rf3 Kc7 20. Re1
Rxe1 21. Kxe1 Re8+ 22. Kf2 Kd6 23. Re3 Rxe3 24. Kxe3 Ke5 25. d4+ Kf6 26. Kf4 h6
27. h4 Ke7 28. g5 h5 29. b3 f6 30. g6 Kd6 31. Ke3 Kc7 32. Kd3 a5 33. a3 b6 34.
b4 axb4 35. axb4 b5 1/2-1/2

[Event "DEM U14w 2014"]
[Site "Magdeburg GER"]
[Date "2014.06.10"]
[Round "4"]
[White "Müller, Sophie"]
[Black "Reinecke, Katharina"]
[Result "1/2-1/2"]
[Termination "normal"]
[Board "10"]
[WhiteElo "1460"]
[BlackElo "1599"]
[PlyCount "46"]
[WhiteFideId "12926698"]
[BlackFideId "12929727"]
[EventCountry "GER"]
[EventRounds "9"]
[EventType "swiss"]
[EventDate "2014.06.07"]

1. d4 d5 2. c4 c6 3. Nf3 Nf6 4. e3 e6 5. Nbd2 Be7 6. b3 O-O 7. Bb2 Nbd7 8. Bd3
Re8 9. O-O Nf8 10. Ne5 Ng6 11. Ndf3 Ne4 12. Qc2 Ng5 13. Nxg5 Bxg5 14. f4 Be7
15. Rf3 f5 16. g4 Rf8 17. Rg3 Nxe5 18. fxe5 Bh4 19. Rg2 Bg5 20. Re1 g6 21. gxf5
exf5 22. cxd5 cxd5 23. Qe2 f4 1/2-1/2

[Event "DEM U14w 2014"]
[Site "Magdeburg GER"]
[Date "2014.06.10"]
[Round "4"]
[White "Lohrmann, Tabea"]
[Black "Wallat, Jessica"]
[Result "1-0"]
[Termination "normal"]
[Board "11"]
[WhiteElo "1484"]
[BlackElo "1578"]
[PlyCount "57"]
[WhiteFideId "12911941"]
[BlackFideId "12909637"]
[EventCountry "GER"]
[EventRounds "9"]
[EventType "swiss"]
[EventDate "2014.06.07"]

1. e4 e5 2. Nf3 Nc6 3. d4 exd4 4. Bc4 Nf6 5. O-O Bc5 6. e5 d5 7. exf6 dxc4 8.
fxg7 Rg8 9. Bg5 Qd6 10. Nbd2 Qd5 11. Ne4 Be7 12. Re1 Be6 13. Qd2 Qd7 14. Bxe7
Qxe7 15. Qh6 O-O-O 16. Nf6 Rge8 17. Nxe8 Rxe8 18. Qxh7 Qd8 19. Rad1 a6 20. h4
Rg8 21. Ng5 Bd5 22. Ne4 Bxe4 23. Rxe4 Kb8 24. Rde1 Ka7 25. Kf1 f6 26. Re8 Qd5
27. Qxg8 Qf5 28. Qxc4 Ne5 29. Qc5+ 1-0

[Event "DEM U14w 2014"]
[Site "Magdeburg GER"]
[Date "2014.06.10"]
[Round "4"]
[White "Christiansen, Anna"]
[Black "Böse, Carolin"]
[Result "1-0"]
[Termination "normal"]
[Board "12"]
[WhiteElo "1330"]
[BlackElo "1518"]
[PlyCount "73"]
[WhiteFideId "12952230"]
[BlackFideId "12929646"]
[EventCountry "GER"]
[EventRounds "9"]
[EventType "swiss"]
[EventDate "2014.06.07"]

1. e4 e6 2. d4 d5 3. exd5 exd5 4. Bd3 Nc6 5. Ne2 Bd6 6. c3 Nge7 7. Bf4 Ng6 8.
Bxd6 Qxd6 9. Nd2 Be6 10. Qc2 Nce7 11. g3 h6 12. O-O-O c5 13. Qa4+ Bd7 14. Bb5
c4 15. Bxd7+ Qxd7 16. Qxd7+ Kxd7 17. Nf3 f6 18. g4 Rhf8 19. h4 Nc8 20. h5 Re8
21. Rhe1 Nge7 22. Nf4 Nd6 23. Nd2 Nb5 24. Ne6 g5 25. Nc5+ Kc7 26. f3 f5 27.
Ne6+ Kd7 28. Ng7 Rf8 29. Ne6 Rf7 30. Nc5+ Kc7 31. Re6 fxg4 32. fxg4 Rh8 33. Rf1
Rxf1+ 34. Nxf1 Nc6 35. Ne3 Rd8 36. Rxh6 Kb6 37. Rg6 1-0

[Event "DEM U14w 2014"]
[Site "Magdeburg GER"]
[Date "2014.06.10"]
[Round "4"]
[White "Peters, Theresa"]
[Black "Caliebe, Nanke"]
[Result "0-1"]
[Termination "normal"]
[Board "13"]
[WhiteElo "1636"]
[BlackElo "1272"]
[PlyCount "64"]
[WhiteFideId "12952192"]
[BlackFideId "12980528"]
[EventCountry "GER"]
[EventRounds "9"]
[EventType "swiss"]
[EventDate "2014.06.07"]

1. e4 c5 2. Nf3 e6 3. d4 cxd4 4. Nxd4 a6 5. a4 Nc6 6. Be3 d5 7. Nc3 Nf6 8. f3
Bb4 9. Nxc6 bxc6 10. Bd2 Bb7 11. Bd3 O-O 12. Ne2 Bxd2+ 13. Qxd2 Qb6 14. c3 Rfd8
15. Qc2 g6 16. h4 h5 17. e5 Nd7 18. f4 Kg7 19. a5 Qc7 20. Rg1 Rh8 21. g4 hxg4
22. Rxg4 Rh6 23. Kd2 Rah8 24. Rag1 Qxa5 25. b4 Qd8 26. Nd4 Kf8 27. Bxg6 c5 28.
bxc5 Nxc5 29. Bd3 Rxh4 30. f5 Rxg4 31. Rxg4 Qb6 32. Ke3 Rh3+ 0-1

[Event "DEM U14w 2014"]
[Site "Magdeburg GER"]
[Date "2014.06.10"]
[Round "4"]
[White "Duan, Muxi"]
[Black "Kummer, Birte"]
[Result "1/2-1/2"]
[Termination "normal"]
[Board "14"]
[WhiteElo "1052"]
[BlackElo "1297"]
[PlyCount "118"]
[WhiteFideId "12971960"]
[BlackFideId "12952214"]
[EventCountry "GER"]
[EventRounds "9"]
[EventType "swiss"]
[EventDate "2014.06.07"]

1. e4 e5 2. Nf3 d6 3. d4 exd4 4. Nxd4 Nf6 5. Nc3 Be7 6. Bc4 O-O 7. O-O Re8 8.
f4 Bf8 9. Re1 a6 10. a4 Nbd7 11. b4 d5 12. Nxd5 Nxd5 13. Bxd5 c6 14. Bb3 Bxb4
15. Bd2 Bc5 16. Bc3 Nf6 17. e5 Nd5 18. Bxd5 Qxd5 19. Kf1 Bxd4 20. Qxd4 Be6 21.
Qxd5 Bxd5 22. Bd4 b5 23. Kf2 Kf8 24. Bc5+ Kg8 25. g4 h6 26. f5 Kh7 27. Kg3 g6
28. fxg6+ Kxg6 29. h4 Re6 30. Kf4 f6 31. h5+ Kg7 32. Bd4 fxe5+ 33. Bxe5+ Kh7
34. g5 hxg5+ 35. Kxg5 Rg8+ 36. Kh4 Rge8 37. axb5 Rxe5 38. Rxe5 Rxe5 39. bxa6 c5
40. c4 Bc6 41. a7 Re8 42. Ra5 Re4+ 43. Kg5 Re5+ 44. Kg4 Ba8 45. Rb5 Re7 46. Ra5
Rf7 47. Kg5 Rd7 48. Kf6 Kh6 49. Ke6 Rc7 50. Kd6 Rc6+ 51. Kd7 Kh7 52. Rb5 Ra6
53. Rxc5 Rxa7+ 54. Kd6 Kh6 55. Re5 Rg7 56. c5 Rg5 57. Re6+ Kxh5 58. c6 Bxc6 59.
Kxc6 Rg6 1/2-1/2

[Event "DEM U14w 2014"]
[Site "Magdeburg GER"]
[Date "2014.06.10"]
[Round "5"]
[White "Simon, Tessa"]
[Black "Sieber, Fiona"]
[Result "0-1"]
[Termination "normal"]
[Board "1"]
[WhiteElo "1656"]
[BlackElo "1927"]
[WhiteClock "00:19:41"]
[BlackClock "00:16:11"]
[PlyCount "90"]
[WhiteFideId "12929395"]
[BlackFideId "12902373"]
[EventCountry "GER"]
[EventRounds "9"]
[EventType "swiss"]
[EventDate "2014.06.07"]

1. e4 c5 2. Nf3 d6 3. d4 cxd4 4. Nxd4 Nf6 5. Nc3 Nc6 6. f3 e5 7. Nb3 Be7 8. Be3
O-O 9. Qd2 a5 10. Bb5 Be6 11. O-O-O Na7 12. Be2 b5 13. Nd5 Bxd5 14. exd5 a4 15.
Na5 Qd7 16. Bxa7 Rxa7 17. Nc6 Rb7 18. Kb1 Rc8 19. Nb4 Rc5 20. g4 Bd8 21. Qe3
Ba5 22. g5 Nh5 23. Nc6 Bb6 24. Qe4 Nf4 25. Nb4 Rbc7 26. Bd3 Nxd3 27. Qxd3 Rc4
28. Nc6 Rc8 29. b3 Rc5 30. bxa4 bxa4 31. Qa6 R8xc6 32. dxc6 Qxc6 33. Qd3 Rb5+
34. Kc1 Bd4 35. Kd2 e4 36. fxe4 Qb6 37. Ke2 Be5 38. Rhf1 Qb7 39. Qc4 Rb4 40.
Qd5 Rxe4+ 41. Kf2 Qa7+ 42. Kg2 Re2+ 43. Kh3 Rxh2+ 44. Kg4 Qd7+ 45. Kf3 Qh3+ 0-1

[Event "DEM U14w 2014"]
[Site "Magdeburg GER"]
[Date "2014.06.10"]
[Round "5"]
[White "Poetsch, Leonore"]
[Black "Rogozenco, Teodora"]
[Result "0-1"]
[Termination "normal"]
[Board "2"]
[WhiteElo "1529"]
[BlackElo "1865"]
[WhiteClock "00:21:53"]
[BlackClock "00:03:47"]
[PlyCount "104"]
[WhiteFideId "12940372"]
[BlackFideId "12938084"]
[EventCountry "GER"]
[EventRounds "9"]
[EventType "swiss"]
[EventDate "2014.06.07"]

1. e4 d6 2. d4 Nf6 3. Nc3 e5 4. dxe5 dxe5 5. Qxd8+ Kxd8 6. Nf3 Bd6 7. Bc4 Ke7
8. Be3 c6 9. h3 Nbd7 10. O-O-O Bc7 11. a4 Bb6 12. Rhe1 Nh5 13. g3 f6 14. Nh4
Bxe3+ 15. Rxe3 g6 16. a5 b6 17. Be2 Ng7 18. Ng2 bxa5 19. f4 Ne6 20. Bc4 Nec5
21. Ne1 h5 22. Nd3 Nxd3+ 23. Rexd3 Nb6 24. Bb3 Bxh3 25. Rd6 Bg4 26. R1d3 exf4
27. gxf4 Rad8 28. Rxc6 Rxd3 29. cxd3 h4 30. Nd5+ Nxd5 31. Bxd5 Bf3 32. Rc7+ Kd6
33. Rc6+ Kd7 34. Ra6 h3 35. Be6+ Ke7 36. Bxh3 Rxh3 37. Rxa7+ Kf8 38. Rxa5 Be2
39. Kd2 Bxd3 40. Ra3 Bf1 41. Rxh3 Bxh3 42. Kc3 g5 43. fxg5 fxg5 44. Kd4 Ke7 45.
b4 Bc8 46. b5 Kd6 47. e5+ Kc7 48. Kc5 g4 49. Kd4 Kb6 50. Ke4 Kxb5 51. Kf4 Kc5
52. Kg3 Kd5 0-1

[Event "DEM U14w 2014"]
[Site "Magdeburg GER"]
[Date "2014.06.10"]
[Round "5"]
[White "Wächter, Nathalie"]
[Black "Halas, Julia"]
[Result "1/2-1/2"]
[Termination "normal"]
[Board "3"]
[WhiteElo "1762"]
[BlackElo "1589"]
[WhiteClock "00:04:22"]
[BlackClock "00:25:03"]
[PlyCount "115"]
[WhiteFideId "12921033"]
[BlackFideId "12931810"]
[EventCountry "GER"]
[EventRounds "9"]
[EventType "swiss"]
[EventDate "2014.06.07"]

1. d4 Nf6 2. Nf3 g6 3. g3 Bg7 4. Bg2 O-O 5. O-O d6 6. Nc3 Nc6 7. a4 e5 8. dxe5
Nxe5 9. Nxe5 dxe5 10. Be3 c6 11. Bc5 Re8 12. a5 Qc7 13. Bd6 Qd7 14. Bc5 Qc7 15.
Qd6 Qxd6 16. Bxd6 e4 17. e3 Bg4 18. Ra4 Rad8 19. Bc5 Rd2 20. Nxe4 Rxc2 21. Nd6
Be2 22. Re1 Bb5 23. Nxe8 Bxa4 24. Nxf6+ Bxf6 25. b4 Bc3 26. Rd1 Rb2 27. Rd8+
Kg7 28. Bf8+ Kf6 29. Rd6+ Kg5 30. h4+ Kf5 31. Bf3 Bxb4 32. Rd7 Rb1+ 33. Kg2
Bxa5 34. Rxf7+ Ke6 35. Rxh7 Rb2 36. Bg4+ Kd5 37. Rd7+ Kc4 38. Be6+ Kb5 39.
Rxb7+ Bb6 40. Bd6 Ka6 41. Bc8 Ka5 42. Bc7 a6 43. g4 c5 44. Bxb6+ Rxb6 45. Rxb6
Kxb6 46. Be6 Bc6+ 47. Kg3 Be8 48. Bc4 a5 49. f4 a4 50. f5 gxf5 51. gxf5 Ka5 52.
Kg4 Kb4 53. h5 Bxh5+ 54. Kxh5 Kxc4 55. f6 a3 56. f7 a2 57. f8=Q a1=Q 58. Qf4+
1/2-1/2

[Event "DEM U14w 2014"]
[Site "Magdeburg GER"]
[Date "2014.06.10"]
[Round "5"]
[White "Ley, Sabrina"]
[Black "Köhler, Inken"]
[Result "1-0"]
[Termination "normal"]
[Board "4"]
[WhiteElo "1482"]
[BlackElo "1729"]
[WhiteClock "00:13:38"]
[BlackClock "00:41:41"]
[PlyCount "107"]
[WhiteFideId "12938130"]
[BlackFideId "12929301"]
[EventCountry "GER"]
[EventRounds "9"]
[EventType "swiss"]
[EventDate "2014.06.07"]

1. e4 e5 2. Nf3 Nc6 3. Bc4 Nf6 4. d4 exd4 5. O-O Nxe4 6. Re1 d5 7. Bxd5 Qxd5 8.
Nc3 Qa5 9. Nxe4 Be6 10. Neg5 O-O-O 11. Nxe6 fxe6 12. Rxe6 Bd6 13. Bg5 Rde8 14.
Rxe8+ Rxe8 15. Bh4 Qb4 16. Rb1 Qc4 17. b3 Qc3 18. Bg3 Bxg3 19. hxg3 Nb4 20.
Qxd4 Qxc2 21. Rd1 b6 22. Rd2 Qb1+ 23. Rd1 Qe4 24. Qd7+ Kb7 25. Re1 Qxe1+ 26.
Nxe1 Rxe1+ 27. Kh2 a5 28. a3 Nc6 29. Qxg7 Re7 30. Qf6 Re5 31. g4 Rb5 32. Qf7
Ne5 33. Qg7 Nd3 34. Qd4 Ne5 35. Qe4+ Nc6 36. Qd3 Rg5 37. Kh3 h5 38. gxh5 Rxh5+
39. Kg3 Rg5+ 40. Kh2 Rh5+ 41. Kg1 Rc5 42. f4 b5 43. Kf2 b4 44. a4 Ne7 45. g4
Nd5 46. f5 c6 47. Qe4 Rc3 48. f6 Nxf6 49. Qe7+ Kb6 50. Qxf6 Rxb3 51. g5 Rb1 52.
g6 b3 53. g7 b2 54. Qf5 1-0

[Event "DEM U14w 2014"]
[Site "Magdeburg GER"]
[Date "2014.06.10"]
[Round "5"]
[White "Moses, Selina"]
[Black "Sanati, Charlotte"]
[Result "1/2-1/2"]
[Termination "normal"]
[Board "5"]
[WhiteElo "1786"]
[BlackElo "1760"]
[WhiteClock "00:31:52"]
[BlackClock "00:29:26"]
[PlyCount "91"]
[WhiteFideId "12908070"]
[BlackFideId "12907707"]
[EventCountry "GER"]
[EventRounds "9"]
[EventType "swiss"]
[EventDate "2014.06.07"]

1. e4 c5 2. Nf3 d6 3. d4 cxd4 4. Nxd4 Nf6 5. Nc3 a6 6. Bg5 e6 7. f4 Nbd7 8. Qf3
Qc7 9. O-O-O Be7 10. Bd3 b5 11. Rhe1 Bb7 12. Nd5 exd5 13. Nf5 Kf8 14. Qg3 Rg8
15. e5 dxe5 16. fxe5 Bb4 17. exf6 Qxg3 18. hxg3 Nxf6 19. c3 Bc5 20. b4 Bb6 21.
Bf4 Rd8 22. Bd6+ Rxd6 23. Nxd6 Bc6 24. Nf5 Bd8 25. Kb2 g6 26. Ne3 Kg7 27. Bc2
Bc7 28. Nf1 Bd6 29. Bb3 Rd8 30. Rd3 Rd7 31. Red1 Bc7 32. Nh2 Ne4 33. Bxd5 Nf2
34. Bxc6 Nxd1+ 35. Kc2 Rxd3 36. Kxd3 Nb2+ 37. Ke2 Bxg3 38. Nf3 Bc7 39. Bb7 a5
40. Nd4 axb4 41. cxb4 Bd6 42. a3 Nc4 43. Nxb5 Be7 44. Bd5 Nxa3 45. Nxa3 Bxb4
46. Nc4 1/2-1/2

[Event "DEM U14w 2014"]
[Site "Magdeburg GER"]
[Date "2014.06.10"]
[Round "5"]
[White "Sauer, Annika"]
[Black "Walker, Julia"]
[Result "0-1"]
[Termination "normal"]
[Board "6"]
[WhiteElo "1602"]
[BlackElo "1673"]
[WhiteClock "00:38:43"]
[BlackClock "00:49:07"]
[PlyCount "62"]
[WhiteFideId "12952052"]
[BlackFideId "1271852"]
[EventCountry "GER"]
[EventRounds "9"]
[EventType "swiss"]
[EventDate "2014.06.07"]

1. d4 d5 2. Nf3 c5 3. e3 Nc6 4. b3 Nf6 5. Bd3 Bg4 6. Bb2 e6 7. Nbd2 cxd4 8.
exd4 Bd6 9. O-O O-O 10. h3 Bh5 11. Be2 Qc7 12. Ne5 Bxe2 13. Qxe2 Rac8 14. Rac1
Qb6 15. Ndf3 Bxe5 16. dxe5 Ne4 17. Nd2 Ng3 18. Qf3 Nxf1 19. Rxf1 Nd4 20. Bxd4
Qxd4 21. Qd3 Qxe5 22. Nf3 Qc3 23. Qxc3 Rxc3 24. Rc1 Rfc8 25. Ne1 e5 26. Kf1 d4
27. Ke2 e4 28. Kd2 e3+ 29. fxe3 dxe3+ 30. Ke2 f5 31. g3 g5 0-1

[Event "DEM U14w 2014"]
[Site "Magdeburg GER"]
[Date "2014.06.10"]
[Round "5"]
[White "Denkert, Anna"]
[Black "Riegel, Arinna"]
[Result "1-0"]
[Termination "normal"]
[Board "7"]
[WhiteElo "1655"]
[BlackElo "1613"]
[PlyCount "109"]
[WhiteFideId "12938122"]
[BlackFideId "12931446"]
[EventCountry "GER"]
[EventRounds "9"]
[EventType "swiss"]
[EventDate "2014.06.07"]

1. e4 d5 2. exd5 Qxd5 3. Nf3 Nf6 4. d4 c6 5. Be2 Bf5 6. O-O e6 7. Be3 Qd8 8. c4
Qc7 9. Nc3 Bd6 10. Qb3 Nbd7 11. h3 O-O 12. Rfd1 Ne4 13. Rac1 b6 14. a3 Bf4 15.
Nxe4 Bxe4 16. d5 Rfe8 17. dxe6 Nc5 18. Bxc5 Bxc1 19. Bd6 Qb7 20. exf7+ Qxf7 21.
Rxc1 Rad8 22. Bg3 c5 23. Ng5 Qf6 24. Nxe4 Rxe4 25. Bf3 Ree8 26. Bd5+ Kh8 27.
Qc3 Qxc3 28. Rxc3 Re2 29. b4 cxb4 30. axb4 Rb2 31. b5 Re8 32. Ra3 Re1+ 33. Kh2
Rbb1 34. Bc7 Ra1 35. Rf3 h6 36. Bf7 Re7 37. Bg6 Kg8 38. Rd3 Rae1 39. Rd8+ Re8
40. Rxe8+ Rxe8 41. Bxe8 Kf8 42. Bc6 Ke7 43. Kg3 g6 44. Bb8 Kd8 45. Bxa7 Kc7 46.
Bxb6+ Kxb6 47. Kf4 Kc5 48. Ke5 Kb6 49. Kd6 g5 50. c5+ Ka7 51. b6+ Kb8 52. Bd5
g4 53. c6 gxh3 54. c7+ Kc8 55. b7# 1-0

[Event "DEM U14w 2014"]
[Site "Magdeburg GER"]
[Date "2014.06.10"]
[Round "5"]
[White "Ratay, Meike"]
[Black "Lohrmann, Tabea"]
[Result "1/2-1/2"]
[Termination "normal"]
[Board "8"]
[WhiteElo "1513"]
[BlackElo "1484"]
[PlyCount "119"]
[WhiteFideId "12977608"]
[BlackFideId "12911941"]
[EventCountry "GER"]
[EventRounds "9"]
[EventType "swiss"]
[EventDate "2014.06.07"]

1. e4 e5 2. Nf3 Nc6 3. Bc4 Bc5 4. c3 Nf6 5. d4 exd4 6. cxd4 Bb4+ 7. Bd2 Bxd2+
8. Nbxd2 d5 9. exd5 Nxd5 10. Qb3 Nce7 11. O-O O-O 12. Rfe1 c6 13. Rad1 Qb6 14.
Qa3 Be6 15. Ne4 h6 16. h3 Ng6 17. Nc5 Rfe8 18. Nxe6 Rxe6 19. Rxe6 fxe6 20. Re1
Re8 21. g3 Kf7 22. Ne5+ Nxe5 23. dxe5 Qb4 24. Qxb4 Nxb4 25. Rd1 Nd5 26. Rd3 Rd8
27. f4 Ke7 28. Kg2 b5 29. Bxd5 Rxd5 30. Rxd5 cxd5 31. Kf3 Kd7 32. Ke3 Kc6 33.
b4 g6 34. g4 a6 35. Kd4 Kd7 36. f5 gxf5 37. gxf5 exf5 38. Kxd5 Kc7 39. e6 f4
40. Ke4 Kd6 41. Kxf4 Kxe6 42. Ke4 Kd6 43. Kd4 h5 44. h4 Ke6 45. Ke4 Kd6 46. Kd4
Ke6 47. Kc5 Kf5 48. Kb6 Kg4 49. Kxa6 Kxh4 50. Kxb5 Kg4 51. Ka4 h4 52. b5 h3 53.
b6 h2 54. b7 h1=Q 55. b8=Q Qc6+ 56. Qb5 Qc2+ 57. Qb3 Qc6+ 58. Kb4 Qb6+ 59. Ka3
Qc7 60. Kb4 1/2-1/2

[Event "DEM U14w 2014"]
[Site "Magdeburg GER"]
[Date "2014.06.10"]
[Round "5"]
[White "Kail, Sindy"]
[Black "Christiansen, Anna"]
[Result "1-0"]
[Termination "normal"]
[Board "9"]
[WhiteElo "1487"]
[BlackElo "1330"]
[PlyCount "59"]
[WhiteFideId "12988502"]
[BlackFideId "12952230"]
[EventCountry "GER"]
[EventRounds "9"]
[EventType "swiss"]
[EventDate "2014.06.07"]

1. e4 d5 2. exd5 Nf6 3. d4 Nxd5 4. c4 Nb6 5. Nc3 e5 6. Be3 Bb4 7. dxe5 Qxd1+ 8.
Rxd1 Bxc3+ 9. bxc3 Nc6 10. Bd4 Be6 11. f4 O-O-O 12. Nf3 Rhe8 13. Ng5 h6 14.
Nxe6 Rxe6 15. Be2 Rg6 16. O-O Kb8 17. f5 Nxd4 18. cxd4 Rg5 19. g4 h5 20. h4
Rxg4+ 21. Bxg4 hxg4 22. c5 Nd5 23. Rd2 Ne3 24. Rf4 g3 25. Rd3 Nd5 26. Rg4 Ne7
27. Rxg7 Nxf5 28. Rxf7 Nxh4 29. Rxg3 a6 30. Rg4 1-0

[Event "DEM U14w 2014"]
[Site "Magdeburg GER"]
[Date "2014.06.10"]
[Round "5"]
[White "Reinecke, Katharina"]
[Black "Sewald, Kathrin"]
[Result "1/2-1/2"]
[Termination "normal"]
[Board "10"]
[WhiteElo "1599"]
[BlackElo "1540"]
[PlyCount "53"]
[WhiteFideId "12929727"]
[BlackFideId "12964557"]
[EventCountry "GER"]
[EventRounds "9"]
[EventType "swiss"]
[EventDate "2014.06.07"]

1. Nf3 d5 2. d4 c5 3. c4 cxd4 4. Qxd4 Nc6 5. Qxd5 Qxd5 6. cxd5 Nb4 7. Na3 Nf6
8. e3 Nfxd5 9. Bb5+ Bd7 10. Bxd7+ Kxd7 11. O-O f6 12. Rd1 Ke8 13. Bd2 e5 14.
Nc4 Rc8 15. Rac1 Rc7 16. e4 Nxa2 17. exd5 Nxc1 18. Rxc1 Rd7 19. Ne3 Kd8 20. Bc3
b6 21. Rd1 Bc5 22. Nf5 g6 23. Nh6 Ke7 24. Ng4 Rhd8 25. b4 Bd6 26. Rb1 b5 27.
Ne3 1/2-1/2